Kerala Muslim History: A Revisit (Record no. 20723)

MARC details
000 -LEADER
fixed length control field 00318nam a22001337a 4500
020 ## - INTERNATIONAL STANDARD BOOK NUMBER
ISBN 978-96-80081-23-6
082 ## - DEWEY DECIMAL CLASSIFICATION NUMBER
Classification number 305.6297054 BAH
100 ## - MAIN ENTRY--AUTHOR NAME
Author name Bahauddin K.M.
245 ## - TITLE STATEMENT
Title Kerala Muslim History: A Revisit
260 ## - PUBLICATION, DISTRIBUTION, ETC. (IMPRINT)
Place of publication Kerala
Name of publisher Other Books
Year of publication 2012
300 ## - PHYSICAL DESCRIPTION
Number of Pages 253
650 ## - SUBJECT ADDED ENTRY--TOPICAL TERM
Topical Term Muslim-India-Kerala
942 ## - ADDED ENTRY ELEMENTS (KOHA)
Koha item type Books
Holdings
Home library Current library Date acquired Source of acquisition Cost, normal purchase price Full call number Accession Number Koha item type
Henry Martyn Institute Library Henry Martyn Institute Library 11/07/2017 amazon 290.00 305.6297054 BAH 25388 Books
                   Copyright © 2026 | Henry Martyn Institute | Hyderabad | TS-500052 | INDIA | Implemented by hmi.edu.in
Hit-Count:

Powered by Koha